LEADER 00938nam2 22002651i 450 001 RML0289371 005 20231121125735.0 100 $a20121121d1997 ||||0itac50 ba 101 | $aita 102 $ait 181 1$6z01$ai $bxxxe 182 1$6z01$an 200 1 $a˜1: œTesti$fAngelo Poliziano 210 $aManziana $cVecchiarelli $d[1997] 215 $aLX, 145 p.$d20 cm 461 1$1001PAL0138481$12001 $aPoesie volgari$fAngelo Poliziano$ga cura di Francesco Bausi 700 1$aPoliziano$b, Angelo$3RMLV158122$038262 801 3$aIT$bIT-01$c20121121 850 $aIT-FR0017 899 $aBiblioteca umanistica Giorgio Aprea$bFR0017 912 $aRML0289371 950 2$aBiblioteca umanistica Giorgio Aprea$d 52CIS 1/2097.1$e 52VM 0000587965 VM barcode:00053236. - Inventario:28783 FLSVM$fA $h20051221$i20121204 977 $a 52 996 $aTesti$93612456 997 $aUNICAS